| 000 | 01097nam a22002777a 4500 | ||
|---|---|---|---|
| 001 | 8899 | ||
| 003 | FISKH | ||
| 005 | 20251030110730.0 | ||
| 008 | 251030b cb ||||| |||| 00| 0 eng d | ||
| 020 | _a076645060037 | ||
| 040 |
_aFISKH _beng _cFISKH _dFISKH |
||
| 082 | _a428 | ||
| 100 | _aGregorich, Barbara | ||
| 245 |
_a I want a pet / _cWritten by Barbara Gregorich ; Illustrated by Jamie Smith |
||
| 260 |
_aMichigan : _bSchool Zone, _c1819. |
||
| 300 |
_a16 pages : _bcolor illustrations ; _c23 cm |
||
| 490 |
_aA start to read book : _vLevel 1 |
||
| 505 | _aC | ||
| 520 | _aSchool Zone Start to Read! Books present beginning readers with a variety of captivating stories told through rhyme, rhythm, and repetition for easy reading. Each book builds children's reading vocabulary and features an exciting or amusing plot with beautiful illustrations that support and extend the text. | ||
| 521 | 8 |
_a130
_bLexile estimate |
|
| 521 | 8 |
_aC
_bRaz-Plus |
|
| 650 |
_aAnimals _vEasy reader |
||
| 700 |
_aSmith, Jamie _eillustrator |
||
| 942 |
_2ddc _cBK _n0 |
||
| 999 |
_c8899 _d8899 |
||